000
00299nam a2200121Ia 4500
005
20251222144759.0
008
251222s9999||||xx |||||||||||||| ||spa||
082
_a
320.128.5/M43
100
_a
Mercado Jarrin, Edgardo
245
0
_a
PerĂș: Perspectivas GeopolĂticas
264
_b
IPEGE
942
_c
LIB
999
_c
19640
_d
19640